The foreign exchange and money markets guide / (Record no. 4598)
[ view plain ]
| 000 -LEADER | |
|---|---|
| fixed length control field | 01152pam a2200313 a 4500 |
| 001 - CONTROL NUMBER | |
| control field | 4598 |
| 003 - CONTROL NUMBER IDENTIFIER | |
| rucl marc code | BD-RjUL |
| 005 - DATE AND TIME OF LATEST TRANSACTION | |
| control field | 20211208233923.0 |
| 008 - FIXED-LENGTH DATA ELEMENTS--GENERAL INFORMATION | |
| fixed length control field | 131223s1992 nyua f 001 0 eng d |
| 020 ## - INTERNATIONAL STANDARD BOOK NUMBER | |
| International Standard Book Number | 0471531049 : |
| 035 ## - SYSTEM CONTROL NUMBER | |
| System control number | (BD-RjUL)4633 |
| 040 ## - CATALOGING SOURCE | |
| Original cataloging agency | DLC |
| Transcribing agency | DLC |
| Modifying agency | DLC |
| -- | (BD-RjUL) |
| Language of cataloging | eng |
| 041 ## - LANGUAGE CODE | |
| Language code of text/sound track or separate title | eng |
| 082 00 - DEWEY DECIMAL CLASSIFICATION NUMBER | |
| Classification number | 332.45 |
| Edition number | 20 |
| Author mark and year | WAF |
| 100 1# - MAIN ENTRY--PERSONAL NAME | |
| Personal name | Walmsley, Julian. |
| 9 (RLIN) | 14508 |
| 245 14 - TITLE STATEMENT | |
| Title | The foreign exchange and money markets guide / |
| Statement of responsibility, etc. | Julian Walmsley. |
| 260 ## - PUBLICATION, DISTRIBUTION, ETC. (IMPRINT) | |
| Place of publication, distribution, etc. | New York : |
| Name of publisher, distributor, etc. | Wiley, |
| Date of publication, distribution, etc. | 1992. |
| 300 ## - PHYSICAL DESCRIPTION | |
| Pagination | xiv, 513 p. : |
| Illustrations | ill. ; |
| Size | 25 cm. |
| 500 ## - GENERAL NOTE | |
| General note | Includes index. |
| 650 #0 - SUBJECT ADDED ENTRY--TOPICAL TERM | |
| Topical term or geographic name as entry element | Foreign exchange |
| General subdivision | Handbooks, manuals, etc. |
| 9 (RLIN) | 14510 |
| Topical term or geographic name as entry element | Money market |
| General subdivision | Handbooks, manuals, etc. |
| 9 (RLIN) | 14511 |
| 856 42 - ELECTRONIC LOCATION AND ACCESS | |
| Materials specified | Contributor biographical information |
| Uniform Resource Identifier | <a href="http://www.loc.gov/catdir/enhancements/fy0607/91030370-b.html">http://www.loc.gov/catdir/enhancements/fy0607/91030370-b.html</a> |
| Materials specified | Publisher description |
| Uniform Resource Identifier | <a href="http://www.loc.gov/catdir/enhancements/fy0607/91030370-d.html">http://www.loc.gov/catdir/enhancements/fy0607/91030370-d.html</a> |
| Materials specified | Table of contents only |
| Uniform Resource Identifier | <a href="http://www.loc.gov/catdir/enhancements/fy0607/91030370-t.html">http://www.loc.gov/catdir/enhancements/fy0607/91030370-t.html</a> |
| 942 ## - ADDED ENTRY ELEMENTS (KOHA) | |
| Source of classification or shelving scheme | Dewey Decimal Classification |
| Koha item type | Books |
| Lost status | Source of classification or shelving scheme | Damaged status | Not for loan | Collection code | Permanent Location | Current Location | Shelving location | Date acquired | Source of acquisition | Cost, normal purchase price | Total Checkouts | Full call number | Date last seen | Copy number | Koha item type |
|---|---|---|---|---|---|---|---|---|---|---|---|---|---|---|---|
| Dewey Decimal Classification | Not For Loan | Non-fiction | Central Library, University of Rajshahi | Central Library, University of Rajshahi | 27/05/1999 | Dhaka, Karim International | 2460.00 | 332.45 WAF 1992 | 23/12/2013 | C-1 | Books |